| 000 | 02334cam a2200361Ia 4500 | ||
|---|---|---|---|
| 001 | 92832 | ||
| 003 | BJBSDDR | ||
| 005 | 20260331161731.0 | ||
| 007 | ta | ||
| 008 | 250820s2021 fr b 001 0 fre | ||
| 020 | _a9782275090290 | ||
| 020 | _a2275090290 | ||
| 035 | _a(OCoLC)ocn461327234 | ||
| 035 | _a(OCoLC)461327234 | ||
| 040 |
_aCGQ _bfre _cCGQ _dCGQ _dOCLCQ _dNDL _dDEBBG |
||
| 041 | _afre | ||
| 043 | _ae-fr--- | ||
| 050 | 1 | 4 |
_aKJV 2420 _bB716d 2021 |
| 100 | 1 |
_aBonneau, Thierry _939884 |
|
| 245 | 1 | 0 |
_aDroit bancaire / _cThierry Bonneau. |
| 250 | _a14e édition | ||
| 260 |
_aParis : _bLGDJ, un savoir-faire de Lextenso, _c2021. |
||
| 300 |
_a878 pages ; _c22 cm. |
||
| 490 | 1 | _aPrécis Domat droit privé | |
| 500 | _aLGDJ = Librairie générale de droit et de jurisprudence | ||
| 504 | _aIncludes bibliographical references and index. | ||
| 520 | _aA propos de l'ouvrage Après avoir développé les notions élémentaires du droit bancaire qui concernent à la fois les autorités de supervision, les professionnels et les clients, l'auteur insiste sur des notions complémentaires qu'il regroupe en deux rubriques afin de mettre en exergue les deux volets de l'activité bancaire : les opérations de clientèle, en particulier l… A propos de l'ouvrage Après avoir développé les notions élémentaires du droit bancaire qui concernent à la fois les autorités de supervision, les professionnels et les clients, l'auteur insiste sur des notions complémentaires qu'il regroupe en deux rubriques afin de mettre en exergue les deux volets de l'activité bancaire : les opérations de clientèle, en particulier les opérations de paiement, les crédits internes et internationaux les relations interbancaires et les opérations intéressant les professionnels, telles que la titrisation. Points forts - un ouvrage de référence par un auteur reconnu et spécialiste de la matière - A jour des derniers textes, notamment du règlement du 1er mars 2021 en matière de blanchiment et de la loi du 8 avril 2021 relative à la réforme de l'assurance et du courtage en opérations de banque et en services de paiement. | ||
| 650 | 0 |
_aBanking law _zFrance. |
|
| 650 | 4 |
_aDerecho bancario _zFrancia _911497 |
|
| 830 | 0 |
_aPrécis Domat. Droit privé _937452 |
|
| 942 |
_2lcc _cBK |
||
| 946 | _irmza | ||
| 999 |
_c124859 _d124859 |
||